000 01190aam a2200337 i 4500
999 _c46152
_d46152
001 768714001
003 CO-MdFUSB
005 20201028160402.0
007 ta
008 200519t1954 enka|||| |||| 00| 0 eng d
020 _a[No incluye ISBN]
040 _bspa.
_aCO-MdFUSB
_cCO-MdFUSB
_dCO-MdFUSBC
_erda
041 _aeng
082 _223
_a232.09
_bS467
100 1 _aSellers, R. V.
_eautor
245 1 _aTwo ancient christologies :
_ba study in the christological thought of the schools of Alexandria and Antioch in the early history of christian doctrine
_c/ R. V. Sellers
264 1 _aLondres :
_bSPCK,
_c[1954]
264 4 _c© 1954
300 _axiv, 264 páginas
_c; 22 cm
336 _atexto
_btxt
_2rdacontent
337 _2rdamedia
_asin mediación
_bn
338 _2rdacarrier
_avolumen
_bnc
490 _aChurch Historical Society,
505 _aLa cristología de Alejandría - La cristología de Antioquía - El conflicto entre las dos escuelas de pensamiento - El valor de las dos cristologías.
563 _aPasta dura
650 7 _9239
_aCristología
653 _aHistoria de las doctrinas
942 _cBK
945 _aJTF-925